000 00477nam a2200145Ia 4500
003 OSt
005 20260130153650.0
008 211028s2018 xx 000 0 und d
040 _cAIMIT LIBRARY
041 _aeng
100 _aNayak, Vijaya B R; Rose, Swapna.
_g1616217
_97969
245 _aStudy on impact of monetary and non monetary factors of motivation on employee performance at BASF pvt ltd Mangalore /
260 _aMangalore
_bRoyce Baretto.
_c2018
942 _2ddc
_cPRO
999 _c219537
_d219537